| 000 | 00599nam a22001937a 4500 | ||
|---|---|---|---|
| 999 |
_c16123 _d16123 |
||
| 003 | AR-CdUCM | ||
| 008 | 190403b ||||| |||| 00| 0 spa d | ||
| 020 | _a978-9972-9740-3-8 | ||
| 040 |
_aMUNICIPALIDAD PROVINCIAL DEL CUSCO _cBIBLIOTECA MUNICIPAL DEL CUSCO |
||
| 082 |
_aEP / 374.44 / _bR61 _22 ed. |
||
| 110 |
_aDiaconia. _925079 |
||
| 245 |
_a1 Rima rima : _bNawintsay qillqay qallanapaq maytu / |
||
| 260 |
_aLima : _bDiaconia, _c2007. |
||
| 300 |
_a99 páginas ; _c30 cm |
||
| 650 |
_aIdioma quechua. _927790 |
||
| 650 |
_aCastellano _97963 |
||
| 942 |
_2ddc _cLIBROS |
||
| 945 |
_arum _d2019-05-02 |
||